| 000 | 00750nam a22002415i 4500 | ||
|---|---|---|---|
| 001 | 172039 | ||
| 003 | ES-MaACL | ||
| 005 | 20250815164347.0 | ||
| 008 | 090612s1953 sp |||| | spa d | ||
| 080 | _a930.85(100):297 | ||
| 100 | 1 |
_aSourdel, Dominique. _9107571 |
|
| 245 | 1 | 3 |
_aEl Islam / _cDominique Sourdel ; versión española de María de Arellano. |
| 250 | _a[1ª ed. española]. | ||
| 260 |
_aBarcelona : _bSalvat, _c1953. |
||
| 300 |
_aVIII, 159 p. ; _c17 cm. |
||
| 490 | 1 | _aColección surco | |
| 650 | 1 | 7 |
_aIslamismo _2embne _913903 |
| 650 | 0 | 4 |
_aCivilización musulmana. _911099 |
| 700 | 1 |
_aArellano, María. _9140643 |
|
| 830 | 0 |
_aColección surco _9223240 |
|
| 852 |
_aES-MaACL _jC-7433 _9R.35020 |
||
| 999 |
_c172039 _d172039 |
||